LEADER 01276nam0 22003133i 450 001 TO00078464 005 20231121125834.0 010 $a8824308015 100 $a19970627d1989 ||||0itac50 ba 101 | $aita 102 $ait 181 1$6z01$ai $bxxxe 182 1$6z01$an 200 1 $aDell'archiviazione e delle prove nel nuovo codice di procedura penale$eprimi spunti$fNicola Carulli 210 $aNapoli$cJovene$d1989 215 $a136 p.$d24 cm.$efasc. 606 $aDiritto processuale penale$2FIR$3RMLC150734$9I 606 $aProcesso penale$xProve$2FIR$3RMLC085039$9I 606 $aProcesso penale$xArchiviazione$2FIR$3RMLC085040$9I 700 1$aCarulli$b, Nicola$3CFIV022591$4070$0226502 801 3$aIT$bIT-01$c19970627 850 $aIT-RM028 $aIT-FR0098 899 $aBiblioteca Universitaria Alessandrina$bRM028 899 $aBiblioteca Area Giuridico Economica$bFR0098 912 $aTO00078464 950 0$aBiblioteca Area Giuridico Economica$d 53DSG 02/0050$e 53VM 0000201305 VM barcode:GIU000412. - Inventario:537VM$fA $h20010423$i20121204 977 $a 01$a 53 996 $aDell'archiviazione e delle prove nel nuovo codice di procedura penale$9578277 997 $aUNICAS